[Event "POL-chT U20 2nd League"]
[Site "Szczyrk"]
[Date "2017.07.22"]
[Round "1.47"]
[White "Waligora, Julia"]
[Black "Bakalarczyk, Zuzanna"]
[Result "1-0"]
[WhiteElo "1366"]
[BlackElo "1363"]
[PlyCount "141"]
[EventDate "2017.07.22"]
[EventType "team-swiss"]
[EventRounds "11"]
[EventCountry "POL"]
[SourceTitle "EXT 2019"]
[Source "ChessBase"]
[SourceDate "2018.10.10"]
[SourceVersion "1"]
[SourceVersionDate "2018.10.10"]
[SourceQuality "1"]

1. e4 e5 2. Nf3 Nf6 3. Nxe5 d6 4. Nf3 Nxe4 5. Nc3 d5 6. Qe2 Be7 7. Nxe4 dxe4 8. Qxe4 0-0 9. Be2 Re8 10. 0-0 Bd6 11. Qc4 Nc6 12. d4 h6 13. Be3 Bf5 14. a3 Qf6 15. b4 Be4 16. Rad1 Qg6 17. Bd3 Qh5 18. Bxe4 Rxe4 19. Qd3 Re6 20. Bc1 Rf6 21. h3 Rg6 22. Kh1 Ne7 23. c4 Nf5 24. c5 Be7 25. Kh2 Nh4 26. Nxh4 Bxh4 27. g3 Bf6 28. Rfe1 Qd5 29. Qe4 Qa2 30. Kg2 h5 31. h4 Rg4 32. Qxb7 Rf8 33. Re4 Qc2 34. Ree1 Bxh4 35. Kf1 Bf6 36. Be3 Qc4+ 37. Kg2 h4 38. Qf3 Rg6 39. Kh2 hxg3+ 40. fxg3 Bg5 41. Bxg5 Rxg5 42. Qe3 Rh5+ 43. Kg2 Qa6 44. Rh1 Qb7+ 45. Qf3 Rd5 46. Rh5 c6 47. Rdh1 Rxh5 48. Qxh5 f6 49. Qh7+ Kf7 50. Qh5+ Kg8 51. Re1 Qd7 52. Qh4 Qd5+ 53. Kh3 Qf5+ 54. Qg4 Qh7+ 55. Kg2 Qc2+ 56. Re2 Qd3 57. Qe6+ Rf7 58. Qe3 Qc4 59. Qe8+ Kh7 60. Qe6 Qb5 61. Kf3 Qd3+ 62. Qe3 Qf5+ 63. Kg2 Qh5 64. Qe4+ Kg8 65. Qe8+ Kh7 66. Re4 Qd5 67. Kg1 Kg6 68. Qe6 Qd8 69. Rg4+ Kh5 70. Qf5+ g5 71. Rh4# 1-0

[Event "POL-chT U19 2nd League"]
[Site "Iwonicz"]
[Date "2016.07.31"]
[Round "10.18"]
[White "Pisarek, Elzbieta"]
[Black "Waligora, Julia"]
[Result "1/2-1/2"]
[WhiteElo "1351"]
[BlackElo "1349"]
[PlyCount "30"]
[EventDate "2016.07.23"]
[EventType "team-swiss"]
[EventRounds "11"]
[EventCountry "POL"]
[SourceTitle "EXT 2019"]
[Source "ChessBase"]
[SourceDate "2018.10.10"]
[SourceVersion "1"]
[SourceVersionDate "2018.10.10"]
[SourceQuality "1"]
[WhiteTeam "Gliwice Politechnika Slaska U19"]
[BlackTeam "Konin UKS Smecz U19"]
[WhiteTeamCountry "POL"]
[BlackTeamCountry "POL"]

1. e4 e6 2. d4 d5 3. Nd2 c5 4. exd5 exd5 5. Ndf3 Nf6 6. c3 Qb6 7. h3 Be6 8. Bd3 Nc6 9. Ne2 c4 10. Bc2 h6 11. 0-0 Bd6 12. Re1 Qc7 13. Be3 0-0 14. Qc1 Rfe8 15. Nh4 h5 1/2-1/2

[Event "POL-chT3 Wielkopolskie 1516"]
[Site "Poland"]
[Date "2016.01.17"]
[Round "2.6"]
[White "Debowiak, Arleta"]
[Black "Waligora, Julia"]
[Result "1-0"]
[WhiteElo "1839"]
[BlackElo "1276"]
[PlyCount "127"]
[EventDate "2016.01.10"]
[EventType "team-tourn"]
[EventRounds "11"]
[EventCountry "POL"]
[SourceTitle "EXT 2019"]
[Source "ChessBase"]
[SourceDate "2018.10.10"]
[SourceVersion "1"]
[SourceVersionDate "2018.10.10"]
[SourceQuality "1"]

1. e4 e6 2. d4 d5 3. e5 c5 4. c3 Nc6 5. Nf3 Qb6 6. a3 Nh6 7. b4 cxd4 8. cxd4 Nf5 9. Be3 Be7 10. Nc3 Bd7 11. Rc1 Nxe3 12. fxe3 0-0 13. Na4 Qd8 14. Nc5 Bxc5 15. bxc5 Qa5+ 16. Qd2 Qxa3 17. Be2 Qa5 18. Rc3 f6 19. exf6 Rxf6 20. 0-0 Qc7 21. Rb1 Raf8 22. Rcb3 Bc8 23. Bd1 Rd8 24. Rd3 Qf7 25. Bc2 Qh5 26. Bb3 Qg6 27. Kh1 a5 28. Ra1 Rdf8 29. Rc3 Qh5 30. Rg1 Bd7 31. Bd1 Qg6 32. Ra3 Ra8 33. Ba4 Qe4 34. Re1 Qg4 35. Bxc6 Bxc6 36. Rxa5 Raf8 37. Raa1 Qh5 38. Qe2 Qe8 39. h3 Bb5 40. Qb2 Bc6 41. Rab1 Qh5 42. Kh2 Qe8 43. Qe2 Qb8+ 44. Kh1 Qg3 45. Rf1 Qc7 46. Ne5 Rxf1+ 47. Rxf1 Rf5 48. Ra1 h6 49. Ra8+ Kh7 50. Qd3 Qe7 51. g4 Qh4 52. Rh8+ Kxh8 53. Ng6+ Kg8 54. Nxh4 Rf8 55. Ng6 Rf7 56. Ne5 Rf8 57. Nxc6 bxc6 58. Qg6 Rf6 59. Qe8+ Kh7 60. Qxc6 Kg6 61. Qe8+ Kh7 62. c6 e5 63. c7 Rc6 64. Qxc6 1-0

[Event "POL-chT U19 2nd League"]
[Site "Iwonicz"]
[Date "2015.08.01"]
[Round "10.54"]
[White "Frej, Hanna"]
[Black "Waligora, Julia"]
[Result "1-0"]
[WhiteElo "1231"]
[BlackElo "1337"]
[PlyCount "49"]
[EventDate "2015.07.25"]
[EventType "team-swiss"]
[EventRounds "11"]
[EventCountry "POL"]
[SourceTitle "EXT 2019"]
[Source "ChessBase"]
[SourceDate "2018.10.10"]
[SourceVersion "1"]
[SourceVersionDate "2018.10.10"]
[SourceQuality "1"]
[WhiteTeam "Wroclaw MUKS MDK Srodmiescie U19 II"]
[BlackTeam "Konin UKS Smecz U19"]
[WhiteTeamCountry "POL"]
[BlackTeamCountry "POL"]

1. e4 e6 2. d4 d5 3. Nd2 Nf6 4. e5 Nfd7 5. Bd3 c5 6. c3 Nc6 7. Ne2 cxd4 8. cxd4 f6 9. exf6 Qxf6 10. Nf3 h6 11. 0-0 Bd6 12. Be3 0-0 13. a3 e5 14. dxe5 Ndxe5 15. Nfd4 Nxd3 16. Qxd3 Ne5 17. Qd2 Ng4 18. h3 Nh2 19. Rfd1 Qh4 20. Nb5 Bb8 21. Qxd5+ Kh8 22. Nd6 Nf3+ 23. gxf3 Qxh3 24. Nf4 Qd7 25. Ng6+ 1-0

[Event "POL-ch U14 Girls"]
[Site "Suwalki"]
[Date "2015.04.13"]
[Round "8"]
[White "Hryn, Zofia"]
[Black "Waligora, Julia"]
[Result "1-0"]
[WhiteElo "1298"]
[BlackElo "1218"]
[PlyCount "121"]
[EventDate "2015.04.08"]
[EventType "swiss"]
[EventRounds "9"]
[EventCountry "POL"]
[SourceTitle "EXT 2017"]
[Source "ChessBase"]
[SourceDate "2016.10.25"]
[SourceVersion "1"]
[SourceVersionDate "2016.10.25"]
[SourceQuality "1"]

1. e4 e6 2. d4 d5 3. Nc3 Bb4 4. e5 b6 5. Qg4 Bf8 6. Be3 Ne7 7. Bd3 Ba6 8. Bxa6 Nxa6 9. Qe2 Qc8 10. Nf3 Nf5 11. Bg5 Be7 12. Bxe7 Nxe7 13. 0-0-0 0-0 14. h4 c5 15. h5 h6 16. g4 c4 17. g5 Nf5 18. gxh6 Nxh6 19. Rdg1 f6 20. exf6 Rxf6 21. Rg6 Rxg6 22. hxg6 Qe8 23. Ne5 Nb8 24. Qh5 Kf8 25. Qg5 Nd7 26. Nb5 Qe7 27. Qxe7+ Kxe7 28. Nc6+ Kf6 29. Ncxa7 Kxg6 30. a3 Kf5 31. Nd6+ Kf6 32. Nc6 e5 33. Nb5 exd4 34. Nbxd4 Nf5 35. Nxf5 Kxf5 36. Rh5+ Ke4 37. Rg5 Rg8 38. Ne7 Rf8 39. Rxg7 Rxf2 40. Nxd5 Kxd5 41. Rxd7+ Kc6 42. Rd4 Kc5 43. Rd2 Rf1+ 44. Rd1 Rxd1+ 45. Kxd1 b5 46. Kd2 b4 47. a4 b3 48. cxb3 Kb4 49. a5 c3+ 50. bxc3+ Kxa5 51. Kd3 Kb5 52. Kd4 Kc6 53. b4 Kb6 54. c4 Kc6 55. Ke5 Kb6 56. Kd6 Ka7 57. Kd7 Kb6 58. c5+ Kb7 59. c6+ Kb8 60. c7+ Ka7 61. c8Q 1-0

[Event "POL-ch U14 Girls"]
[Site "Suwalki"]
[Date "2015.04.08"]
[Round "1"]
[White "Kindler, Karolina"]
[Black "Waligora, Julia"]
[Result "1-0"]
[WhiteElo "1564"]
[BlackElo "1218"]
[PlyCount "123"]
[EventDate "2015.04.08"]
[EventType "swiss"]
[EventRounds "9"]
[EventCountry "POL"]
[SourceTitle "EXT 2017"]
[Source "ChessBase"]
[SourceDate "2016.10.25"]
[SourceVersion "1"]
[SourceVersionDate "2016.10.25"]
[SourceQuality "1"]

1. e4 e6 2. d4 d5 3. exd5 exd5 4. Bd3 Nc6 5. c3 Bd6 6. Nf3 Nge7 7. Qc2 Bg4 8. Nbd2 Qd7 9. h3 Qe6+ 10. Kf1 Bf5 11. Nb3 Be4 12. Bxe4 dxe4 13. Ng5 Qc4+ 14. Qe2 Qxe2+ 15. Kxe2 f5 16. Ne6 Kf7 17. Ng5+ Kf6 18. h4 h6 19. Nh3 Nd5 20. Bd2 Rae8 21. c4 Ndb4 22. d5 Ne5 23. c5 Nc2 24. Rac1 Bxc5 25. Rxc2 Bb6 26. Bc3 Kf7 27. Nd4 Ng4 28. Nxf5 Rhg8 29. Bd4 Bxd4 30. Nxd4 Re7 31. Nb5 c6 32. dxc6 bxc6 33. Rxc6 Rb8 34. Nd6+ Kf8 35. b3 Ne5 36. Rc3 Rd8 37. Rc8 Rxc8 38. Nxc8 Rc7 39. Nd6 Rc2+ 40. Ke3 Ng4+ 41. Kxe4 Nxf2+ 42. Nxf2 Rxf2 43. g4 Rxa2 44. Rf1+ Ke7 45. Nf5+ Kf6 46. Nxh6+ Kg6 47. Nf5 Re2+ 48. Kd3 Rb2 49. Kc3 Re2 50. Rd1 Rg2 51. Rd7 Rxg4 52. Rxg7+ Kxf5 53. Rxg4 Kxg4 54. Kb4 Kxh4 55. Ka5 Kg5 56. Ka6 Kf4 57. Kxa7 Ke4 58. b4 Kd5 59. b5 Kd6 60. b6 Kc5 61. b7 Kb4 62. b8Q+ 1-0

[Event "POL-chT U19 2nd League"]
[Site "Szczyrk"]
[Date "2014.07.28"]
[Round "6.30"]
[White "Czarniecka, Aleksandra"]
[Black "Waligora, Julia"]
[Result "1-0"]
[WhiteElo "1260"]
[BlackElo "1271"]
[PlyCount "107"]
[EventDate "2014.07.25"]
[EventType "team-swiss"]
[EventRounds "11"]
[EventCountry "POL"]
[SourceTitle "EXT 2015"]
[Source "ChessBase"]
[SourceDate "2014.11.20"]
[SourceVersion "1"]
[SourceVersionDate "2014.11.20"]
[SourceQuality "1"]
[WhiteTeam "Wroclaw MUKS MDK Fabryczna U19"]
[BlackTeam "Konin UKS Smecz U19"]
[WhiteTeamCountry "POL"]
[BlackTeamCountry "POL"]

1. e4 e6 2. d4 d5 3. Nc3 Bb4 4. e5 c5 5. a3 Bxc3+ 6. bxc3 Qa5 7. Bd2 c4 8. Qg4 g6 9. Nf3 Qa4 10. h4 h5 11. Qf4 Nc6 12. Ng5 Nh6 13. Qf6 Rg8 14. Nh7 Qxc2 15. Qg5 Ng4 16. f3 Rh8 17. Rc1 Qb2 18. fxg4 Rxh7 19. Be2 hxg4 20. Bxg4 Qxa3 21. h5 Qe7 22. Qf4 Bd7 23. Qg3 0-0-0 24. Bd1 Rdh8 25. Bg5 Qe8 26. Bf6 Rg8 27. h6 Ne7 28. Qg5 Nf5 29. Rh3 Kc7 30. g4 Ng7 31. Qe3 Nf5 32. gxf5 gxf5 33. Qf2 Rg6 34. Rh1 Rgxh6 35. Rxh6 Rxh6 36. Qa2 Rh1+ 37. Kd2 a6 38. Qa5+ Kb8 39. Rb1 Bb5 40. Bd8 Qd7 41. Qb6 Qc6 42. Qa5 Rh8 43. Be7 Qd7 44. Bd6+ Ka7 45. Bc5+ Kb8 46. Qb6 Rh2+ 47. Be2 Qc6 48. Qd8+ Qc8 49. Bd6+ Ka7 50. Qxc8 f4 51. Bc5+ b6 52. Qc7+ Ka8 53. Qxb6 f3 54. Qa7# 1-0

[Event "POL-chT U19 2nd League"]
[Site "Szczyrk"]
[Date "2014.07.27"]
[Round "4.36"]
[White "Bakalarczyk, Zuzanna"]
[Black "Waligora, Julia"]
[Result "0-1"]
[WhiteElo "1239"]
[BlackElo "1271"]
[PlyCount "94"]
[EventDate "2014.07.25"]
[EventType "team-swiss"]
[EventRounds "11"]
[EventCountry "POL"]
[SourceTitle "EXT 2015"]
[Source "ChessBase"]
[SourceDate "2014.11.20"]
[SourceVersion "1"]
[SourceVersionDate "2014.11.20"]
[SourceQuality "1"]
[WhiteTeam "Wielun UKS Piatka U19"]
[BlackTeam "Konin UKS Smecz U19"]
[WhiteTeamCountry "POL"]
[BlackTeamCountry "POL"]

1. e4 e6 2. d4 d5 3. e5 c5 4. c3 Nc6 5. Nf3 Qb6 6. a3 Nh6 7. b4 cxd4 8. cxd4 Nf5 9. Bb2 Be7 10. Bd3 0-0 11. 0-0 a5 12. b5 a4 13. Qd2 Na5 14. Qd1 Nb3 15. Ra2 Bd7 16. Bxf5 exf5 17. Nc3 Be6 18. Re1 Rfc8 19. Qd3 Rc4 20. Rd1 Rac8 21. h3 Qa5 22. Nd2 Rxc3 23. Bxc3 Rxc3 24. Qb1 Nxd4 25. b6 Bxa3 26. Kh1 Bc5 27. Rc1 Rxc1+ 28. Qxc1 Bxb6 29. Qd1 g6 30. Rxa4 Qc5 31. Ra8+ Kg7 32. Ra1 Nc6 33. Qf1 Nxe5 34. f3 Nc4 35. Qd1 Nxd2 36. Qxd2 Qd4 37. Qc1 Bc5 38. Rb1 b6 39. Qc2 Qe3 40. Qb2+ d4 41. Qc2 f4 42. Qd1 d3 43. Qf1 Qe2 44. Qc1 d2 45. Qc3+ f6 46. Qa1 Bb3 47. Qa7+ Kh6 0-1

[Event "POL-chT U19 2nd League"]
[Site "Szczyrk"]
[Date "2014.07.25"]
[Round "1.42"]
[White "Pedrak, Paulina"]
[Black "Waligora, Julia"]
[Result "1-0"]
[WhiteElo "1395"]
[BlackElo "1271"]
[PlyCount "75"]
[EventDate "2014.07.25"]
[EventType "team-swiss"]
[EventRounds "11"]
[EventCountry "POL"]
[SourceTitle "EXT 2015"]
[Source "ChessBase"]
[SourceDate "2014.11.20"]
[SourceVersion "1"]
[SourceVersionDate "2014.11.20"]
[SourceQuality "1"]
[WhiteTeam "Gorlice GKSz Kornuty U19"]
[BlackTeam "Konin UKS Smecz U19"]
[WhiteTeamCountry "POL"]
[BlackTeamCountry "POL"]

1. e4 e6 2. d4 d5 3. exd5 exd5 4. Nf3 Nc6 5. Bd3 Bd6 6. c3 Bg4 7. Be3 Qd7 8. Nbd2 Nge7 9. 0-0 0-0-0 10. b4 f6 11. Qa4 Ng6 12. b5 Nb8 13. Qxa7 Nf4 14. Bxf4 Bxf4 15. a4 Qd6 16. a5 b6 17. a6 Kd7 18. Qb7 Nxa6 19. bxa6 Rb8 20. Bb5+ Ke7 21. Qc6 Bd7 22. Rfe1+ Kd8 23. a7 Rc8 24. Qxd6 Bxd6 25. Ba6 Ra8 26. Bb7 Rxa7 27. Rxa7 Bb5 28. Ra8+ Kd7 29. Rxh8 h6 30. Ree8 Bf4 31. Reg8 Ke6 32. Rxg7 c5 33. dxc5 bxc5 34. Nb3 Kd6 35. Rd8+ Ke6 36. Nxc5+ Kf5 37. Nd4+ Ke5 38. Re7# 1-0